00250nam a2200109Ia 4500008004100000041001200041082001100053100001300064245005000077260000600127650000700133221030s9999 xx 000 0 und d aEnglish a105.23 aE Nagler 0aLearning C++ A Hands on approachcby E Nagler c0 aMc